000 00722nam a2200217Ia 4500
003 GCL
008 140319s9999 xx 000 0 ara d
040 _aGCL /
_cGCL
082 0 4 _a707
_bم ط
100 1 _aمحمد حسين جودى
245 1 0 _aطرق تدريس الفنون /
_cمحمد حسين جودى
250 _aالثانية
260 _aالاردن :
_bدار المسيرة للنشر والتوزيع والطباعة ،
_c2005
300 _a184 ص ؛
_c24 سم
650 0 4 _aالفنون الجميلة
650 0 4 _aالفنون التشكيلية
650 0 4 _aالرسم بالالوان
650 0 4 _aالفنون - طرق تدريس
650 0 4 _aالفن - مدارس
942 _2ddc
_cBK
999 _c9919
_d9919